Housing in England 2005/06 (Record no. 107531)
[ view plain ]
| 000 -LEADER | |
|---|---|
| fixed length control field | 01419cad a22002295a 4500 |
| 001 - CONTROL NUMBER | |
| control field | L140696 |
| 008 - FIXED-LENGTH DATA ELEMENTS--GENERAL INFORMATION | |
| fixed length control field | 071005e20071002xxkd f s f000 0 eng d |
| 035 ## - SYSTEM CONTROL NUMBER | |
| System control number | (Sirsi) u140696 |
| 041 0# - LANGUAGE CODE | |
| Language code of text/sound track or separate title | eng |
| 050 04 - LIBRARY OF CONGRESS CALL NUMBER | |
| Classification number | 306.1 $2 18 |
| 110 1# - MAIN ENTRY--CORPORATE NAME | |
| Corporate name or jurisdiction name as entry element | United Kingdom |
| Subordinate unit | Department for Communities and Local Government |
| 9 (RLIN) | 4939 |
| 245 00 - TITLE STATEMENT | |
| Title | Housing in England 2005/06 |
| Remainder of title | a report principally from the 2005/06 Survey of English Housing |
| Medium | [electronic resource] |
| 260 ## - PUBLICATION, DISTRIBUTION, ETC. | |
| Place of publication, distribution, etc. | London |
| Name of publisher, distributor, etc. | DCLG |
| Date of publication, distribution, etc. | 2007 |
| 490 ## - SERIES STATEMENT | |
| Series statement | DCLG Housing Research Summary |
| Volume/sequential designation | 2006/07 |
| 520 ## - SUMMARY, ETC. | |
| Summary, etc. | Key findings include a slight reduction in households' satisfaction with the place they live to 48%. Around half expressed crime and traffic as their top concerns. The level of concern about crime is steadily reducing, with social renters, lone parents, Londoners and people in deprived areas being the most concerned. People without their own transport listed hospital access as their biggest concern in terms of public services. Satisfaction with landlords among private tenants outstripped that expressed by social tenants by 76% to 70%. |
| 590 ## - LOCAL NOTE (RLIN) | |
| Local note | KA NTK |
| 650 24 - SUBJECT ADDED ENTRY--TOPICAL TERM | |
| Topical term or geographic name entry element | SURVEY OF ENGLISH HOUSING |
| 651 #4 - SUBJECT ADDED ENTRY--GEOGRAPHIC NAME | |
| Geographic name | England |
| Chronological subdivision | 886- |
| 690 ## - LOCAL SUBJECT ADDED ENTRY--TOPICAL TERM (OCLC, RLIN) | |
| Topical term or geographic name as entry element | PROPERTY-RESIDENTIAL PROPERTY-DOMESTIC RESIDENTIAL PROPERTY-HOUSING |
| 856 40 - ELECTRONIC LOCATION AND ACCESS | |
| Uniform Resource Identifier | <a href="https://www.communities.gov.uk/publications/housing/Surveyenglishhousing">https://www.communities.gov.uk/publications/housing/Surveyenglishhousing</a> |
| Public note | View the item free of charge at www.communities.gov.uk... |
| 942 ## - ADDED ENTRY ELEMENTS (KOHA) | |
| Suppress in OPAC | 0 |
| Withdrawn status | Lost status | Source of classification or shelving scheme | Damaged status | Not for loan | Home library | Current library | Shelving location | Date acquired | Total Checkouts | Full call number | Barcode | Date last seen | Copy number | Price effective from | Koha item type |
|---|---|---|---|---|---|---|---|---|---|---|---|---|---|---|---|
| Dewey Decimal Classification | Virtual | Virtual | Online | 05/10/2007 | ONLINE PUBLICATION | 140696-2001 | 06/08/2019 | 1 | 06/08/2019 | Book |